Category Elimination - DC Movies #1 - Statistics

General Stats
  • This quiz has been taken 313 times
  • The average score is 4 of 5
Answer Stats
# Movie % Correct
10 Released between 2005 and 2015
100%
5 ...containing the letter S
95%
4 ...not set in the DCEU
75%
3 ...rated PG-13
73%
1 ...and not set in a trilogy. Superman Returns
23%
No matching quizzes found
Score Distribution
Percent of People with Each Score
Percentile by Number Answered
Your Score History
You have not taken this quiz